000 00438nam a2200169Ia 4500
003 GCL
008 140319s9999 xx 000 0 eng d
020 _a1929280289
040 _aGCL /
_cGCL
082 0 4 _a895.6
_bS W
100 1 _aSHOHEI ,OOKA
245 1 0 _aA WIFE IN MUSASHINO /
_cSHOHEI ,OOKA
260 _aاليابان :
_bJAPAN ECHO INC ،
_c2004
300 _a24 CM ؛
_c161 P
650 0 4 _aJAPAN - LITERATURE
942 _2ddc
_cBK
999 _c7711
_d7711